000
00235nam a2200085 4500
999
_c
515088
_d
515088
100
_a
Bohm, Peter
_9
20188
245
_a
Social efficiency: a concise introduction to welfare economics
260
_a
New York
_b
Macmillon
_c
1973
300
_a
150p.